Systems analysis and design for the global enterprise / (Record no. 1706)
[ view plain ]
| 000 -LEADER | |
|---|---|
| fixed length control field | 00712nam a2200217 ar4500 |
| 001 - CONTROL NUMBER | |
| control field | 1708 |
| 005 - DATE AND TIME OF LATEST TRANSACTION | |
| control field | 20221127090253.0 |
| 008 - FIXED-LENGTH DATA ELEMENTS--GENERAL INFORMATION | |
| fixed length control field | 100127s xxua 00110 eng d |
| 020 ## - INTERNATIONAL STANDARD BOOK NUMBER | |
| International Standard Book Number | 0071107665(pbk) : |
| Terms of availability | SR497.00 |
| 082 04 - DEWEY DECIMAL CLASSIFICATION NUMBER | |
| Classification number | 004.21 |
| Item number | B446 2007 |
| 100 1# - MAIN ENTRY--PERSONAL NAME | |
| Personal name | Bentley, Lonnie D. |
| 245 10 - TITLE STATEMENT | |
| Title | Systems analysis and design for the global enterprise / |
| Statement of responsibility, etc. | L. Bentley, J. Whitten ; with contributions by Gary Randolph. |
| 250 ## - EDITION STATEMENT | |
| Edition statement | 7th ed. |
| 260 ## - PUBLICATION, DISTRIBUTION, ETC. | |
| Place of publication, distribution, etc. | Boston, Mass. : |
| Name of publisher, distributor, etc. | McGraw-Hill/Irwin, |
| Date of publication, distribution, etc. | 2007. |
| 300 ## - PHYSICAL DESCRIPTION | |
| Extent | xv, 747 p. : |
| Other physical details | ill. ; |
| Dimensions | 28 cm. |
| 500 ## - GENERAL NOTE | |
| General note | Includes index. |
| 650 #4 - SUBJECT ADDED ENTRY--TOPICAL TERM | |
| Topical term or geographic name entry element | System analysis. |
| 650 #4 - SUBJECT ADDED ENTRY--TOPICAL TERM | |
| Topical term or geographic name entry element | System design. |
| 650 #4 - SUBJECT ADDED ENTRY--TOPICAL TERM | |
| Topical term or geographic name entry element | Information technology. |
| 700 0# - ADDED ENTRY--PERSONAL NAME | |
| Personal name | Whitten, Jeffrey L., |
| Relator term | jt. auth. |
| Withdrawn status | Lost status | Source of classification or shelving scheme | Damaged status | Not for loan | Home library | Current library | Date acquired | Total Checkouts | Full call number | Barcode | Date last seen | Copy number | Price effective from | Koha item type |
|---|---|---|---|---|---|---|---|---|---|---|---|---|---|---|
| 11/27/2022 | 004.21 B446 2007 | 1000000006224 | 11/27/2022 | C3 | 11/27/2022 | Book | ||||||||
| 11/27/2022 | 004.21 B446 2007 | 1000000006225 | 11/27/2022 | C4 | 11/27/2022 | Book | ||||||||
| CENTRAL | CENTRAL | 11/27/2022 | 004.21 B446 2007 | 1000000005755 | 11/27/2022 | C2 | 11/27/2022 | Book | ||||||
| CENTRAL | KHOBAR | 11/27/2022 | 004.21 B446 2007 | 1000000005946 | 11/27/2022 | C1 | 11/27/2022 | Book |
